| 000 | 00846cam a22002171 4500 | ||
|---|---|---|---|
| 001 | e 29000370 | ||
| 003 | DLC | ||
| 005 | 20260227111219.0 | ||
| 008 | 880108s1929 ilu l 000 0 eng c | ||
| 010 | _ae 29000370 | ||
| 035 | _a(OCoLC)17318529 | ||
| 040 |
_aU.S. Off. of Educ. Library _cCLU _dDLC |
||
| 042 | _apremarc | ||
| 050 | 0 | 0 |
_aL142 _b.B35 no. 236 |
| 110 | 1 |
_aIllinois. _kLaws, statutes, etc. |
|
| 245 | 1 | 4 |
_aThe school law of Illinois ... _cIssued by Francis G. Blair, Superintendent of Public Instruction. Enacted by the Fifty-sixth General Assembly. <Printed by authority of the State of Illinois.> |
| 260 |
_a[Springfield, _bJeffersons Printing & Stationery Co., _c1929] |
||
| 300 |
_a61 p. _c23 cm. |
||
| 490 | 0 |
_a[Illinois. Dept. of Public Instruction] Circular _vno. 236 |
|
| 650 | 0 |
_aEducational law and legislation _zIllinois. |
|
| 999 |
_c21001 _d21001 |
||